000 01577nam0a2200373 4500
001 RU\NLR\bibl\1375711
005 20260406084935.0
010 _a978-5-17-058822-0
_bАСТ
010 _a978-5-271-23539-9
_bАстрель
_910000
021 _aRU
_b2009-27970
_91675
035 _a(NLR Aleph) 001367822
090 _a1022335
_c1022335
100 _a20090410d2009 |||y0rusy50 ca
101 1 _arus
_cpol
102 _aRU
105 _aa |||||||||
200 1 _aЗачем нужны мужчины?
_dCzy mężczyżni są światu potrzebni?
_e[перевод с польского]
_fЯнуш Л. Вишневский
_zpol
210 _aМосква
_cАСТ
_cАстрель
_d2009
215 _a285, [2] с.
_cил.
_d21
225 1 _aКнига недели
225 1 _aЗолотая коллекция
300 _aАвт. также на пол. яз.: Janusz L. Wiśniewski
510 1 _6z20790
_aCzy mężczyżni są światu potrzebni?
_zpol
606 1 _aМужчины
_jПопулярные издания
_xСоциально-психологические исследования
_91630392
_3RU\NLR\auth\661018406
686 _aС550.535я9
686 _aШ6(4П)77-44{Лх1129-45}
700 1 _4070
_7ca
_8rus
_aВишневский
_bЯ. Л.
_f1954-
_gЯнуш Леон
_3RU\NLR\auth\7753718
_936650
790 1 _4070
_8pol
_7ba
_aWiśniewski
_bJ. L.
_f1954-
_gJanusz Leon
_3RU\NLR\auth\7777591
_960519
801 0 _aRU
_bРГБ
_c20090410
_grcr
801 1 _aRU
_bРГБ
_c20090410
801 2 _aRU
_bNLR
_c20090602
_grcr
942 _cBOOK
980 _aNB